|
|
|
|
| LEADER |
00000nam0a2200000 4500 |
| 001 |
247744 |
| 005 |
20231101232326.0 |
| 010 |
|
|
|a 9785941784127
|
| 035 |
|
|
|a (RuTPU)RU\TPU\book\269336
|
| 090 |
|
|
|a 247744
|
| 100 |
|
|
|a 20140114d2014 m y0rusy50 ca
|
| 101 |
0 |
|
|a rus
|
| 102 |
|
|
|a RU
|
| 105 |
|
|
|a a j 001zy
|
| 200 |
1 |
|
|a Практикум по математике
|e учебное пособие
|f Е. А. Бойцова
|
| 210 |
|
|
|a Старый Оскол
|c ТНТ
|d 2014
|
| 215 |
|
|
|a 160 с.
|c ил.
|
| 320 |
|
|
|a Библиогр.: с. 159.
|
| 330 |
|
|
|a Учебное пособие соответствует Федеральному государственному образовательному стандарту. В пособие включены типовые задачи и приводятся методы их решения. В каждом разделе рассматриваются необходимые теоретические положения, состоящие из определений, теорем и основных математических понятий данного раздела. Учебное пособие предназначено для студентов вузов, обучающихся по направлению подготовки «Конструкторско-технологическое обеспечение машиностроительных производств».
|
| 606 |
1 |
|
|a Математика
|2 stltpush
|3 (RuTPU)RU\TPU\subj\67327
|9 83171
|
| 610 |
1 |
|
|a линейная алгебра
|
| 610 |
1 |
|
|a векторная алгебра
|
| 610 |
1 |
|
|a аналитическая геометрия
|
| 610 |
1 |
|
|a дифференциальное исчисление
|
| 610 |
1 |
|
|a функции нескольких переменных
|
| 610 |
1 |
|
|a интегральное исчисление
|
| 610 |
1 |
|
|a дифференциальные уравнения
|
| 610 |
1 |
|
|a практикумы
|
| 610 |
1 |
|
|a учебные пособия
|
| 675 |
|
|
|a 51(076.5)
|v 3
|
| 700 |
|
1 |
|a Бойцова
|b Е. А.
|g Елена Алексеевна
|
| 801 |
|
1 |
|a RU
|b 63413507
|c 20140114
|
| 801 |
|
2 |
|a RU
|b 63413507
|c 20150630
|g RCR
|
| 900 |
|
|
|a Математика
|
| 942 |
|
|
|c BK
|
| 951 |
|
|
|b 151900
|l 8
|
| 959 |
|
|
|a 2/20140114
|d 2
|e 0
|f ЧЗТЛ:1
|f АНЛ:1
|